000 00564nam a2200241 a 4500
001 nice12345678
003 IN_TiNIC
005 20260116011457.0
008 050524s1923 newa grp 000 0 eng
020 _a
_c0
082 0 0 _a956.1
_bDAV
100 _aDavis, W S
245 _aShort History of the Near East
260 _aNew York
_bMacmillan Company
_c1923
300 _a408p
500 _aincludes index and biblioraphy
505 2 _aIndex
650 _aTurkey-History
700 1 _aDavis, W S
902 _bSRS
942 _cBK
999 _c1883
_d1883